Statistics for Least Visited U.S. States by JetPunkers

Click here to take the quiz!

General Stats

  • This quiz has been taken 15,361 times
  • The average score is 7 of 10

Answer Stats

% State % Correct
5.4North Dakota
86%
8.6South Dakota
83%
10.0Montana
79%
10.1Idaho
79%
5.9Alaska
78%
10.6Kansas
70%
10.8Iowa
65%
9.9Arkansas
63%
9.6Oklahoma
58%
9.6Mississippi
51%

Score Distribution

Percentile by Number Answered

Percent of People with Each Score

Your Score History

You have not taken this quiz